ბათუმის შოთა რუსთაველის სახელმწიფო უნივერსიტეტის ბიბლიოთეკა

ევროპის საბჭოს სამართალი : (ბიბ.ჩანაწერი № 36486)

000 -ლიდერი
ფიქსირებული სიგრძის საკონტროლო ველი 01224nam a2200253Ia 4500
001 - საკონტროლო ნომერი
საკონტროლო ველი 2404
003 - საკონტროლო ნომრის იდენტიფიკატორი
საკონტროლო ველი GE_BSU
005 - ბოლო ოპერაციის თარიღი და დრო
საკონტროლო ველი 20230209122216.0
008 - ფიქსირებული სიგრძის მონაცემთა ელემენტები - ზოგადი ინფორმაცია
ფიქსირებული სიგრძის საკონტროლო ველი 181216s2005||||ge |||||||||||||| ||geo||
020 ## - წიგნის საერთაშორისო სტანდარტული ნომერი
International Standard Book Number 9287155941
040 ## - კატალოგიზაციის წყარო
Transcribing agency GE_BSU
041 ## - ენის კოდი
Language code of text/sound track or separate title geo
080 ## - უნივერსალური ათობითი კლასიფიკაციის ინდექსი
Universal Decimal Classification number 34(4) ბ–49
100 ## - მთავარი ჩანაწერი - პიროვნების სახელი
Personal name ბენუა–რომერი, ფლორანს
9 (RLIN) 4801
245 ## - ცნობა სათაურის შესახებ
Title ევროპის საბჭოს სამართალი :
Remainder of title ერთიანინ პანევროპული სამართლებრივი სივრცისაკენ /
Statement of responsibility, etc ფლორანს ბენუ-რომერი, ჰაინრიხ კლებესი.
264 ## - წარმოების, გამოცემის, დისტრიბუციის და სხვა ცნობები
გამოცემის, წარმოების, დისტრიბუციის... ადგილი თბილისი :
გამოცემის, წარმოების, დისტრიბუციის... სახელწოდება ევროპის საბჭოს გამ-ბა,
გამოცემის, წარმოების, დისტრიბუციის... თარიღი 2005.
300 ## - ფიზიკური აღწერა
Extent 331გვ.;
Other physical details 23სმ.
501 ## - შენიშვნა თანმხლებ მასალაზე
With note ანბ. საძ.: გვ. 325-330.
504 ## - BIBLIOGRAPHY, ETC. NOTE
Bibliography, etc ბიბლიოგრ. ტექსტ. შენიშვნ. და გვ. 323-324.
653 ## - INDEX TERM--UNCONTROLLED
Uncontrolled term ევროპის საბჭო
653 ## - INDEX TERM--UNCONTROLLED
Uncontrolled term სამართალი ევროპაში
700 ## - ADDED ENTRY--PERSONAL NAME
Personal name კლებესი, ჰაინრიხ
Relator term ავტორი
9 (RLIN) 4802
942 ## - ADDED ENTRY ELEMENTS (KOHA)
Koha item type წიგნი
Source of classification or shelving scheme
ეგზემპლარები
ჩამოწერის სტატუსი დაკარგული ეგზემპლარის სტატუსი კლასიფიკაციის წყარო ან თაროზე გაწყობის სქემა დაზიანების სტატუსი არ გაიცემა მუდმივი მდებარეობა (დაცვის ადგილი) ამჟამინდელი ადგილსამყოფელი თაროზე განთავსების ადგილი შეძენის თარიღი ღირებულება, შესყიდვის ნორმალური ფასი სრული შენახვის შიფრი შტრიხკოდი ბოლო ოპერაციის თარიღი ეგზემპლარის მიმდევრობითი ნომერი (კეტერი?) ფასის ძალაში შესვლის თარიღი ეგზემპლარის სახეობა საჯარო შენიშვნა
          ბათუმის შოთა რუსთაველის სახელმწიფო უნივერსიტეტის მთავარი ბიბლიოთეკა ბათუმის შოთა რუსთაველის სახელმწიფო უნივერსიტეტის მთავარი ბიბლიოთეკა წიგნსაცავი 2018-12-17 15.00 34(4) ბ–49 3345 2018-12-17 3345 2018-12-17 წიგნი 15 ლ.
          ბათუმის შოთა რუსთაველის სახელმწიფო უნივერსიტეტის მთავარი ბიბლიოთეკა ბათუმის შოთა რუსთაველის სახელმწიფო უნივერსიტეტის მთავარი ბიბლიოთეკა წიგნსაცავი 2023-02-09 10.00 34(4) ბ–49 63720 2023-02-09 63720 2023-02-09 წიგნი 10.00
          ბათუმის შოთა რუსთაველის სახელმწიფო უნივერსიტეტის მთავარი ბიბლიოთეკა ბათუმის შოთა რუსთაველის სახელმწიფო უნივერსიტეტის მთავარი ბიბლიოთეკა წიგნსაცავი 2023-02-09 10.00 34(4) ბ–49 63721 2023-02-09 63721 2023-02-09 წიგნი 10.00